| 000 | 00628cam a2200193 a 4500 | ||
|---|---|---|---|
| 020 | _a0889363056 (pbk.) | ||
| 040 | _cDLC | ||
| 082 | 0 | 0 | _a635 IDR 1982 A053 Or. |
| 245 | 0 | 0 |
_aRoot crops in eastern Africa : _bproceedings of a workshop held in Kigali, Rwanda, 23-27 November 1980 / |
| 260 |
_aOttawa, Canada : _bIDRC, _cc1982. |
||
| 300 |
_a128 p. : _bill. ; _c25 cm. |
||
| 490 | 1 | _aIDRC ; | |
| 500 | _aSummary in French and Spanish. | ||
| 650 | 0 | _aRoot crops | |
| 710 | 1 | _aRwanda. | |
| 710 | 2 | _aInternational Institute of Tropical Agriculture. | |
| 710 | 2 | _aInternational Development Research Centre (Canada) | |
| 942 | _cEK | ||
| 999 |
_c14984 _d14984 |
||